El proceso

Saved in:
Bibliografiske detaljer
Hovedforfatter: Kafka, Franz (Author)
Format: Bog
Sprog:spansk
Udgivet: Bogotá Norma 2007
Udgivelse:1a. ed
Serier:Colección Cara y Cruz
Fag:
Tags: Tilføj Tag
Ingen Tags, Vær først til at tagge denne postø!

MARC

LEADER 00000cam a2200000 a 4500
001 UCG9543
003 CL-VaPUC
008 120323e20070000CK |||||||||||||||||spa|d
020 |a 9789584506122 
082 0 4 |a 891.863  |b KAF  |2 21 
100 |a Kafka, Franz   |e author  |9 266293 
245 1 3 |a El proceso 
250 |a 1a. ed 
300 |a 250 p 
942 |c BK 
945 |d 20120323 00:00:00  |a cmena 
260 |a Bogotá  |b Norma  |c 2007 
500 |a Incluye: Vida y obra de Franz Kafka 
500 |a Traducción y ensayo de Mario González Restrepo 
650 0 |a  Novelas checoslovacas  |9 265635 
650 0 |a Literatura checoslovaca  |9 349966 
650 0 |a Biografías  |9 255210 
650 0 |a Ensayos  |9 268724 
583 |a last modification  |c 20120323 11:52:00  |k Rodrigo Vera 
490 0 |a Colección Cara y Cruz 
999 |c 347091  |d 347089